Best Actress Oscar Nominees (No Hint Version) - Statistics

General Stats
  • This quiz has been taken 12,824 times
    7,763 since last reset
  • The average score is 123 of 223
Answer Stats
Year Actress % Correct
1981 Meryl Streep
95%
1953 Audrey Hepburn
92%
1935 Bette Davis
90%
1932-33 Katharine Hepburn
90%
2011 Viola Davis
90%
2016 Emma Stone
88%
1991 Geena Davis
88%
1984 Judy Davis
87%
1990 Julia Roberts
87%
2001 Nicole Kidman
86%
1957 Elizabeth Taylor
85%
1997 Kate Winslet
85%
1969 Maggie Smith
85%
1998 Cate Blanchett
84%
1999 Julianne Moore
84%
1997 Judi Dench
83%
1995 Sharon Stone
83%
1939 Vivien Leigh
83%
2001 Halle Berry
82%
2010 Jennifer Lawrence
82%
1963 Rachel Roberts
82%
2014 Felicity Jones
81%
1969 Jane Fonda
81%
1943 Jennifer Jones
81%
1934 Grace Moore
80%
1964 Julie Andrews
80%
1997 Helen Hunt
79%
1988 Jodie Foster
79%
2009 Sandra Bullock
79%
1981 Susan Sarandon
79%
1977 Diane Keaton
78%
2006 Helen Mirren
78%
1992 Emma Thompson
77%
2010 Natalie Portman
77%
1979 Sally Field
77%
1987 Cher
76%
1954 Grace Kelly
76%
1998 Gwyneth Paltrow
76%
2003 Charlize Theron
75%
1987 Holly Hunter
75%
1943 Ingrid Bergman
75%
2013 Amy Adams
74%
1996 Frances McDormand
74%
1945 Joan Crawford
74%
2005 Reese Witherspoon
74%
2001 Renee Zellweger
74%
1954 Judy Garland
73%
1956 Nancy Kelly
73%
1961 Natalie Wood
73%
2008 Anne Hathaway
72%
1969 Liza Minnelli
72%
1941 Olivia de Havilland
72%
2008 Angelina Jolie
71%
1968 Barbra Streisand
71%
1987 Glenn Close
71%
1999 Hilary Swank
71%
1982 Jessica Lange
71%
2007 Marion Cotillard
71%
1961 Sophia Loren
71%
1970 Glenda Jackson
70%
1990 Kathy Bates
70%
1958 Shirley MacLaine
69%
1967 Faye Dunaway
67%
1930 Greta Garbo
67%
1989 Jessica Tandy
66%
2010 Michelle Williams
66%
1986 Sigourney Weaver
66%
1976 Sissy Spacek
66%
2006 Penelope Cruz
65%
2015 Brie Larson
64%
2007 Ellen Page
64%
1961 Geraldine Page
64%
1962 Anne Bancroft
63%
1997 Helena Bonham Carter
63%
1940 Joan Fontaine
63%
1965 Julie Christie
63%
1966 Vanessa Redgrave
63%
1985 Whoopi Goldberg
63%
1999 Annette Bening
62%
2005 Keira Knightley
62%
1966 Lynn Redgrave
62%
1973 Ellen Burstyn
61%
1940 Ginger Rogers
61%
1980 Goldie Hawn
61%
1989 Michelle Pfeiffer
61%
1934 Claudette Colbert
60%
1957 Joanne Woodward
59%
2000 Juliette Binoche
59%
1991 Laura Dern
59%
1953 Ava Gardner
58%
1939 Greer Garson
58%
2012 Jessica Chastain
58%
2017 Margot Robbie
58%
2003 Naomi Watts
58%
1994 Winona Ryder
58%
1979 Bette Midler
57%
1996 Emily Watson
57%
1957 Lana Turner
57%
1946 Celia Johnson
56%
1949 Deborah Kerr
56%
1986 Kathleen Turner
56%
1996 Kristin Scott Thomas
56%
1975 Louise Fletcher
56%
2002 Salma Hayek
56%
1990 Anjelica Huston
55%
2000 Laura Linney
55%
1928-29 Mary Pickford
55%
2015 Saoirse Ronan
55%
1927-28 Janet Gaynor
54%
1947 Loretta Young
54%
1936 Luise Rainer
54%
1986 Marlee Matlin
54%
1930-31 Marlene Dietrich
54%
1959 Simone Signoret
54%
1972 Diana Ross
53%
1959 Doris Day
53%
1964 Debbie Reynolds
52%
1927-28 Gloria Swanson
52%
1988 Melanie Griffith
52%
1947 Susan Hayward
52%
1928-29 Corinne Griffith
51%
1931-32 Helen Hayes
51%
2017 Sally Hawkins
51%
1955 Anna Magnani
50%
1937 Barbara Stanwyck
50%
2002 Diane Lane
50%
1946 Jane Wyman
50%
1930 Norma Shearer
50%
1993 Angela Bassett
49%
1992 Catherine Deneuve
49%
1982 Debra Winger
49%
2016 Isabelle Huppert
49%
1994 Miranda Richardson
49%
1976 Talia Shire
49%
2000 Joan Allen
48%
1983 Julie Walters
48%
1963 Patricia Neal
48%
1951 Shelley Winters
48%
2009 Gabourey Sidibe
47%
1930-31 Marie Dressler
47%
2008 Melissa Leo
47%
2011 Rooney Mara
47%
2009 Carey Mulligan
46%
2015 Charlotte Rampling
46%
1950 Eleanor Parker
46%
2012 Emmanuelle Riva
46%
2012 Quvenzhané Wallis
46%
1950 Anne Baxter
45%
1975 Isabelle Adjani
45%
1952 Julie Harris
45%
1942 Teresa Wright
45%
2004 Catalina Sandino Moreno
44%
1950 Judy Holliday
44%
2014 Rosamund Pike
44%
2016 Ruth Negga
44%
1952 Shirley Booth
44%
1996 Brenda Blethyn
43%
2005 Felicity Huffman
43%
2004 Imelda Staunton
43%
1942 Rosalind Russell
43%
1936 Carole Lombard
42%
1954 Dorothy Dandridge
42%
1973 Marsha Mason
42%
1940 Martha Scott
42%
1989 Pauline Collins
42%
2003 Samantha Morton
42%
1972 Cicely Tyson
41%
1995 Elisabeth Shue
41%
1974 Gena Rowlands
41%
1972 Liv Ullmann
41%
1970 Ali MacGraw
40%
1975 Ann-Margret
40%
1998 Fernanda Montenegro
40%
1930-31 Irene Dunne
40%
2003 Keisha Castle-Hughes
40%
1970 Jane Alexander
39%
1999 Janet McTeer
39%
1974 Diahann Carroll
38%
1967 Edith Evans
38%
1969 Jean Simmons
38%
1927-28 Louise Dresser
38%
1930 Nancy Carroll
38%
1993 Stockard Channing
38%
1966 Anouk Aimee
37%
1956 Carroll Baker
37%
1992 Mary McDonnell
37%
1928-29 Bessie Love
36%
1961 Piper Laurie
36%
1987 Sally Kirkland
36%
1938 Wendy Hiller
36%
1969 Genevieve Bujold
35%
1978 Jill Clayburgh
35%
1953 Leslie Caron
35%
1970 Sarah Miles
35%
1975 Carol Kane
34%
1943 Jean Arthur
34%
1935 Merle Oberon
33%
1970 Carrie Snodgress
32%
1947 Dorothy Mcguire
32%
1945 Gene Tierney
32%
1971 Janet Suzman
32%
1938 Fay Bainter
31%
1962 Lee Remick
31%
1931-32 Lynn Fontanne
31%
1976 Marie-Christine Barrault
31%
1935 Miriam Hopkins
31%
1965 Samantha Eggar
31%
1966 Ida Kaminska
30%
1928-29 Ruth Chatterton
30%
1965 Elizabeth Hartman
29%
1953 Maggie McNamara
29%
1980 Mary Tyler Moore
29%
1974 Valerie Perrine
29%
1932-33 Diana Wynyard
28%
1964 Kim Stanley
28%
1932-33 May Robson
28%
1936 Gladys George
27%
1949 Jeanne Crain
27%
1938 Margaret Sullavan
27%
1930-31 Ann Harding
25%
1928-29 Jeanne Eagels
25%
1928-29 Betsy Compson
24%
1935 Elisabeth Bergner
24%
No matching quizzes found
Score Distribution
Percent of People with Each Score
Percentile by Number Answered
Your Score History
You have not taken this quiz since the last reset